| 000 | 02148nam a2200409 i 4500 | ||
|---|---|---|---|
| 001 | 193383 | ||
| 003 | SpMaBN | ||
| 005 | 20250709184207.0 | ||
| 007 | ta | ||
| 008 | 221121s2022 sp | |||| 000 f spa | ||
| 017 |
_aM 6036-2022 _bOficina Depósito Legal Madrid |
||
| 020 | _a9788412178159 | ||
| 035 | _aa7191869 | ||
| 040 |
_aSpMaBN _bspa _cSpMaBN _erda |
||
| 080 | _a821.134.2-31"19" | ||
| 100 | 1 |
_aBilbao, Daniel, _d1960- _4aut _9234543 _eaut |
|
| 245 | 1 | 4 |
_aLos bastardos legítimos / _cDaniel Bilbao |
| 246 | _aLas crónicas de Güilliam de Canford | ||
| 264 | 1 |
_aMadrid : _bMong, _c2022 |
|
| 300 |
_a187 páginas ; _c23 cm |
||
| 336 |
_aTexto _2rdacontent |
||
| 337 |
_asin mediación _2rdamedia |
||
| 338 |
_avolumen _2rdacarrier |
||
| 490 | 0 |
_aLas crónicas de Güilliam de Canford, el arquero siniestro sindedos _v(cuarta crónica-Puentedey) |
|
| 500 | _aEn contracub.: "Una novela negra de la Edad Media" | ||
| 500 | _aCuarto libro de la saga Las crónicas de Güilliam de Canford. | ||
| 520 | _aDescubrimos la misión que el rey Fernando de Aragón ha encomendado a Güilliam de Canford, el arquero sin dedos, y para cumplirla ser un caballero andante supondría una insuperable desventaja: nuestro protagonista no lo es. Envuelto en una compleja trama de familias nobles enfrentadas donde las refriegas, desapariciones y asesinatos están a la orden del día, solo cuenta con laayuda de la siempre vitriólica María la Gatusa y el recurso a una violencia bien administrada combinada con una generosa dosis de humor negro. | ||
| 655 | 7 |
_aNovelas históricas _2tgfbne _9226782 |
|
| 655 | 7 |
_aNovelas negras _2tgfbne _9226784 |
|
| 852 |
_aES-MaACL _bR. 154760 _cDEPOJ _jN-9539 _9200829 _hDonación: Daniel Bilbao _gDedicatoria autógrafa del autor _xEncuadernación rústica con solapas |
||
| 903 |
_9234543 _aBilbao, Daniel, _d1960- _ednr |
||
| 942 |
_n0 _cMONOGRAFIA |
||
| 999 |
_c193383 _d193383 |
||